Signals, Systems and Transforms (Record no. 12580)

000 -LEADER
fixed length control field 00518nam a22001697a 4500
020 ## - INTERNATIONAL STANDARD BOOK NUMBER
International Standard Book Number 9788131725313
082 ## - DEWEY DECIMAL CLASSIFICATION NUMBER
Classification number 621.3822 PHI
100 ## - MAIN ENTRY--PERSONAL NAME
Personal name Phillips, Charless
245 ## - TITLE STATEMENT
Title Signals, Systems and Transforms
250 ## - EDITION STATEMENT
Edition statement 4th ed.
260 ## - PUBLICATION, DISTRIBUTION, ETC.
Place of publication, distribution, etc. New Delhi, India
Name of publisher, distributor, etc. Pearson Education
Date of publication, distribution, etc. 2008
300 ## - PHYSICAL DESCRIPTION
Extent xx, 772 p.
Other physical details ill. ;
500 ## - GENERAL NOTE
General note Includes index.
650 ## - SUBJECT ADDED ENTRY--TOPICAL TERM
Topical term or geographic name entry element 1. Signal processing--mathematical models. 2. Transformations (Mathematics). 3. System analysis.
700 ## - ADDED ENTRY--PERSONAL NAME
Personal name Parr, John and Riskin Eve
942 ## - ADDED ENTRY ELEMENTS (KOHA)
Koha item type Book
Holdings
Withdrawn status Lost status Damaged status Not for loan Collection code Permanent Location Current Location Shelving location Date acquired Source of acquisition Cost, normal purchase price Total Checkouts Full call number Barcode Date last seen Date last checked out Price effective from Koha item type
          Central Library (CL) Central Library (CL) General Stacks 12/27/2013 Allied Book Company 668.00 2 621.3822 PHI SEECS013115 01/08/2019 10/01/2018 01/08/2014 Book
© 2023 Central Library, National University of Sciences and Technology. All Rights Reserved.